| 000 | 00581nam a22001577a 4500 | ||
|---|---|---|---|
| 999 |
_c534883 _d534883 |
||
| 020 | _qHard Cover. | ||
| 082 | _a621.3678 | ||
| 100 | _aAnwar, Aqsa | ||
| 245 |
_aDevelopment of entropy based composite Drought Index (CDI) for the assessment of drought condition : _bA case study of Cholistan, Pakistan _cAqsa Anwar |
||
| 260 |
_aIslamabad : _bIGIS - NUST, _c2017. |
||
| 300 |
_axii, 66 p. : ill. ; _c30cm. |
||
| 942 |
_2ddc _cTHE |
||
| 650 |
_aMS Thesis REmote Sensing and GIS _929221 |
||
| 700 |
_aDr. Muhammad Azmat. _929140 |
||